000
00234nam a2200097Ia 4500
008
240625s9999 xx 000 0 und d
041
_a
eng
100
_a
AULT MICHAEL
245
_a
ORACLE 8I ADMINISTRATION AND MANAGEMENT
260
_c
2002
999
_c
33116
_d
33116